000 00456nam a2200181Ia 4500
008 090124s9999 xx 000 0 und d
082 _b11163
_a646
100 _aसोवनी म.वि.
245 _a जलवंती
250 _a1
260 _c1960
300 _a40
600 _aसोवनी म.वि.
630 _a जलवंती
700 _aसोवनी म.वि.
730 _a जलवंती
942 _cBOOK
999 _c125319
_d125319